| 000 | 00707nam a22002057a 4500 | ||
|---|---|---|---|
| 999 |
_c9914 _d9914 |
||
| 003 | AR-CdUCM | ||
| 008 | 190328b ||||| |||| 00| 0 spa d | ||
| 040 |
_aMUNICIPALIDAD PROVINCIAL DEL CUSCO _cBIBLIOTECA MUNICIPAL DEL CUSCO |
||
| 082 |
_a808 / _bC75C / 1892 |
||
| 100 |
_aColl, José _926453 |
||
| 245 |
_aCompendio de Retórica y Poética : _bó nociones elementales de literatura / |
||
| 260 |
_aLima : _bJ. Galland, _c1892. |
||
| 300 |
_a225 páginas ; _c17 cm. |
||
| 505 | _aContenido: De la elocución -- Arte poética -- Composiciones oratorias -- Obras doctrinales. | ||
| 650 |
_aLiteratura _983 |
||
| 650 |
_aPoesía _9139 |
||
| 650 |
_aOratorias _926454 |
||
| 942 |
_2ddc _cLIBROS |
||
| 945 | _aachl | ||